Éléments Chimiques contenant chaque lettre (A - Z) - Statistiques

Statistiques générales
  • Ce quiz a été pris 511 fois
  • Le résultat moyen est 155 sur 277
Statistiques - réponses
Initiale Contient un … Réponses possibles % Correct
A A Actinium | Aluminium | Américium | Antimoine | Argent | Argon | Arsenic | Astate | Azote
98%
C C Cadmium | Calcium | Californium | Carbone | Cérium | Césium | Chlore | Chrome | Cobalt | Copernicium | Cuivre | Curium
97%
A E Américium | Antimoine | Argent | Arsenic | Astate | Azote
95%
C R Californium | Carbone | Cérium | Chlore | Chrome | Copernicium | Cuivre | Curium
95%
A N Actinium | Aluminium | Antimoine | Argent | Argon | Arsenic
94%
A T Actinium | Antimoine | Argent | Astate | Azote
94%
C E Carbone | Cérium | Césium | Chlore | Chrome | Copernicium | Cuivre
94%
O O Oganesson | Or | Osmium | Oxygène
93%
A R Américium | Argent | Argon | Arsenic
92%
C A Cadmium | Calcium | Californium | Carbone | Cobalt
92%
C O Californium | Carbone | Chlore | Chrome | Cobalt | Copernicium
91%
H H Hafnium | Hassium | Hélium | Holmium | Hydrogène
91%
A G Argent | Argon
90%
A O Antimoine | Argon | Azote
90%
F F Fer | Fermium | Flérovium | Fluor | Francium
90%
F R Fer | Fermium | Flérovium | Fluor | Francium
90%
H E Hélium | Hydrogène
90%
P P Palladium | Phosphore | Platine | Plomb | Plutonium | Polonium | Potassium | Praséodyme | Prométhium | Protactinium
89%
P O Phosphore | Plomb | Plutonium | Polonium | Potassium | Praséodyme | Prométhium | Protactinium
87%
C B Carbone | Cobalt
86%
P I Palladium | Platine | Plutonium | Polonium | Potassium | Prométhium | Protactinium
86%
P M Palladium | Plomb | Plutonium | Polonium | Potassium | Praséodyme | Prométhium | Protactinium
86%
H N Hafnium | Hydrogène
85%
S S Samarium | Scandium | Seaborgium | Sélénium | Silicium | Sodium | Soufre | Strontium
85%
S U Samarium | Scandium | Seaborgium | Sélénium | Silicium | Sodium | Soufre | Strontium
85%
C I Cadmium | Calcium | Californium | Cérium | Césium | Copernicium | Cuivre | Curium
84%
C U Cadmium | Calcium | Californium | Cérium | Césium | Copernicium | Cuivre | Curium
84%
H O Holmium | Hydrogène
84%
P T Platine | Plutonium | Polonium | Potassium | Prométhium | Protactinium
84%
B B Baryum | Berkélium | Béryllium | Bismuth | Bohrium | Bore | Brome
83%
B R Baryum | Berkélium | Béryllium | Bohrium | Bore | Brome
83%
C N Californium | Carbone | Copernicium
83%
H D Hydrogène
83%
H G Hydrogène
83%
H R Hydrogène
83%
H Y Hydrogène
83%
M E Magnésium | Manganèse | Meitnérium | Mendélévium | Mercure | Molybdène
83%
M M Magnésium | Manganèse | Meitnérium | Mendélévium | Mercure | Molybdène | Moscovium
83%
O E Oganesson | Oxygène
83%
O G Oganesson | Oxygène
83%
O N Oganesson | Oxygène
83%
U A Uranium
83%
U I Uranium
83%
U M Uranium
83%
U N Uranium
83%
U R Uranium
83%
U U Uranium
83%
B E Berkélium | Béryllium | Bore | Brome
82%
O X Oxygène
82%
O Y Oxygène
82%
C L Calcium | Californium | Chlore | Cobalt
81%
F E Fer | Fermium | Flérovium
81%
H I Hafnium | Hassium | Hélium | Holmium
81%
H M Hafnium | Hassium | Hélium | Holmium
81%
H U Hafnium | Hassium | Hélium | Holmium
81%
P U Palladium | Plutonium | Potassium | Prométhium | Protactinium
81%
O R Or
80%
S I Samarium | Scandium | Seaborgium | Sélénium | Silicium | Sodium | Strontium
80%
S M Samarium | Scandium | Seaborgium | Sélénium | Silicium | Sodium | Strontium
80%
S O Seaborgium | Sodium | Soufre | Strontium
80%
A Z Azote
79%
C M Cadmium | Calcium | Californium | Cérium | Césium | Chrome | Copernicium | Curium
79%
P A Palladium | Platine | Potassium | Praséodyme | Protactinium
79%
P L Palladium | Platine | Plomb | Plutonium | Polonium
79%
B O Bohrium | Bore | Brome
78%
H L Hélium | Holmium
78%
M N Magnésium | Manganèse | Meitnérium | Mendélévium | Molybdène
78%
M U Magnésium | Meitnérium | Mendélévium | Mercure | Moscovium
78%
Z C Zinc | Zirconium
78%
Z I Zinc | Zirconium
78%
Z N Zinc | Zirconium
78%
Z Z Zinc | Zirconium
78%
A I Actinium | Aluminium | Américium | Antimoine | Arsenic
77%
M A Magnésium | Manganèse
77%
M G Magnésium | Manganèse
77%
M S Magnésium | Manganèse | Moscovium
77%
A M Actinium | Aluminium | Américium | Antimoine
76%
B M Baryum | Berkélium | Béryllium | Bismuth | Bohrium | Brome
76%
A U Actinium | Aluminium | Américium
74%
N E Néodyme | Néon | Neptunium | Nickel | Nobélium
74%
N N Néodyme | Néon | Neptunium | Nickel | Nihonium | Niobium | Nobélium
74%
P S Phosphore | Potassium | Praséodyme
74%
F U Fermium | Flérovium | Fluor | Francium
72%
R R Radium | Radon | Rhénium | Rhodium | Roentgenium | Rubidium | Ruthénium | Rutherfordium
72%
T T Tantale | Technétium | Tellure | Tennesse | Terbium | Thallium | Thorium | Thulium | Titane | Tungstène
72%
P N Platine | Plutonium | Polonium | Protactinium
71%
R D Radium | Radon | Rhodium | Rubidium | Rutherfordium
71%
T E Tantale | Technétium | Tellure | Tennesse | Terbium | Titane | Tungstène
71%
L L Lanthane | Lawrencium | Lithium | Livermorium | Lutécium
70%
M I Magnésium | Meitnérium | Mendélévium | Moscovium
70%
T N Tantale | Technétium | Tennesse | Titane | Tungstène
70%
X E Xénon
70%
X N Xénon
70%
X O Xénon
70%
X X Xénon
70%
E E Einsteinium | Erbium | Étain | Europium
69%
E I Einsteinium | Erbium | Étain | Europium
69%
L I Lawrencium | Lithium | Livermorium | Lutécium
69%
L M Lawrencium | Lithium | Livermorium | Lutécium
69%
L U Lawrencium | Lithium | Livermorium | Lutécium
69%
S E Seaborgium | Sélénium | Soufre
69%
A L Aluminium
68%
B U Baryum | Berkélium | Béryllium | Bismuth | Bohrium
68%
C H Chlore | Chrome
68%
R I Radium | Rhénium | Rhodium | Roentgenium | Rubidium | Ruthénium | Rutherfordium
68%
R M Radium | Rhénium | Rhodium | Roentgenium | Rubidium | Ruthénium | Rutherfordium
68%
R U Radium | Rhénium | Rhodium | Roentgenium | Rubidium | Ruthénium | Rutherfordium
68%
S R Samarium | Seaborgium | Soufre | Strontium
68%
I D Indium | Iode | Iridium
67%
I I Indium | Iode | Iridium
67%
L T Lanthane | Lithium | Lutécium
67%
N O Néodyme | Néon | Nihonium | Niobium | Nobélium
67%
L H Lanthane | Lithium
66%
R A Radium | Radon
66%
B Y Baryum | Béryllium
65%
P E Phosphore | Platine | Praséodyme | Prométhium
65%
B I Berkélium | Béryllium | Bismuth | Bohrium
64%
E N Einsteinium | Étain
64%
E T Einsteinium | Étain
64%
F L Flérovium | Fluor
64%
F O Flérovium | Fluor
64%
S L Sélénium | Silicium
64%
G A Gadolinium | Gallium | Germanium
63%
G G Gadolinium | Gallium | Germanium
63%
G I Gadolinium | Gallium | Germanium
63%
G M Gadolinium | Gallium | Germanium
63%
G U Gadolinium | Gallium | Germanium
63%
S D Scandium | Sodium
63%
T U Technétium | Tellure | Terbium | Thallium | Thorium | Thulium | Tungstène
63%
B L Berkélium | Béryllium
62%
I E Iode
60%
I O Iode
60%
K K Krypton
59%
K N Krypton
59%
K O Krypton
59%
K P Krypton
59%
K R Krypton
59%
K T Krypton
59%
K Y Krypton
59%
S C Scandium | Silicium
59%
G L Gadolinium | Gallium
58%
C V Cuivre
57%
P R Phosphore | Praséodyme | Prométhium | Protactinium
57%
T A Tantale | Thallium | Titane
57%
T S Tennesse | Tungstène
57%
E M Einsteinium | Erbium | Europium
56%
E U Einsteinium | Erbium | Europium
56%
T I Technétium | Terbium | Thallium | Thorium | Thulium | Titane
56%
P H Phosphore | Prométhium
54%
T G Tungstène
54%
F I Fermium | Flérovium | Francium
53%
F M Fermium | Flérovium | Francium
53%
P B Plomb
53%
R O Radon | Rhodium | Roentgenium | Rutherfordium
53%
A C Actinium | Américium | Arsenic
52%
R N Radon | Rhénium | Roentgenium | Ruthénium
51%
Z M Zirconium
51%
Z O Zirconium
51%
Z R Zirconium
51%
Z U Zirconium
51%
F A Francium
50%
F C Francium
50%
F N Francium
50%
I M Indium | Iridium
50%
I U Indium | Iridium
50%
N I Neptunium | Nickel | Nihonium | Niobium | Nobélium
50%
S F Soufre
49%
S N Scandium | Sélénium | Strontium
49%
M C Mercure | Moscovium
48%
A S Arsenic | Astate
47%
M R Meitnérium | Mercure
47%
E A Étain
46%
E S Einsteinium
46%
G N Gadolinium | Germanium
46%
G E Gadolinium
45%
G R Gadolinium
45%
N L Nickel | Nobélium
45%
Y I Ytterbium | Yttrium
45%
Y M Ytterbium | Yttrium
45%
Y R Ytterbium | Yttrium
45%
Y T Ytterbium | Yttrium
45%
Y U Ytterbium | Yttrium
45%
Y Y Ytterbium | Yttrium
45%
V A Vanadium
44%
V D Vanadium
44%
V I Vanadium
44%
V M Vanadium
44%
V N Vanadium
44%
V U Vanadium
44%
V V Vanadium
44%
I R Iridium
43%
P D Palladium | Praséodyme
43%
N C Nickel
42%
N K Nickel
42%
T L Tantale | Tellure | Thallium | Thulium
42%
C T Cobalt
41%
R H Rhénium | Rhodium | Ruthénium | Rutherfordium
41%
N M Néodyme | Neptunium | Nihonium | Niobium | Nobélium
40%
E R Erbium | Europium
39%
N U Neptunium | Nihonium | Niobium | Nobélium
39%
L E Lanthane | Lawrencium | Livermorium | Lutécium
38%
T M Technétium | Terbium | Thallium | Thorium | Thulium
38%
C D Cadmium
37%
M D Mendélévium | Molybdène
37%
M L Mendélévium | Molybdène
37%
R E Rhénium | Roentgenium | Ruthénium | Rutherfordium
37%
T H Technétium | Thallium | Thorium | Thulium
37%
I N Indium
36%
L A Lanthane | Lawrencium
36%
L N Lanthane | Lawrencium
36%
R T Roentgenium | Ruthénium | Rutherfordium
36%
B H Bismuth | Bohrium
35%
B A Baryum
33%
M O Molybdène | Moscovium
33%
E B Erbium
32%
O S Oganesson | Osmium
32%
L C Lawrencium | Lutécium
31%
R B Rubidium
31%
S T Strontium
31%
T R Tellure | Terbium | Thorium
31%
C S Césium
30%
L R Lawrencium | Livermorium
30%
M B Molybdène
30%
M Y Molybdène
30%
B S Bismuth
29%
B T Bismuth
29%
M V Mendélévium | Moscovium
29%
N P Neptunium
29%
N T Neptunium
29%
Y B Ytterbium
29%
Y E Ytterbium
29%
L W Lawrencium
28%
N B Niobium | Nobélium
28%
R F Rutherfordium
28%
S A Samarium | Scandium | Seaborgium
28%
C F Californium
27%
E O Europium
27%
E P Europium
27%
D D Darmstadtium | Dubnium | Dysprosium
26%
D I Darmstadtium | Dubnium | Dysprosium
26%
D M Darmstadtium | Dubnium | Dysprosium
26%
D U Darmstadtium | Dubnium | Dysprosium
26%
H A Hafnium | Hassium
26%
O A Oganesson
25%
B K Berkélium
24%
C P Copernicium
24%
D R Darmstadtium | Dysprosium
24%
D S Darmstadtium | Dysprosium
24%
H F Hafnium
24%
N D Néodyme
23%
N Y Néodyme
23%
O I Osmium
23%
O M Osmium
23%
O U Osmium
23%
T C Technétium
21%
P Y Praséodyme
20%
T B Terbium
20%
D Y Dysprosium
19%
G D Gadolinium
19%
G O Gadolinium
19%
T O Thorium
19%
D A Darmstadtium
18%
D O Dysprosium
18%
D P Dysprosium
18%
D T Darmstadtium
18%
D B Dubnium
17%
D N Dubnium
17%
N H Nihonium
17%
S B Seaborgium
16%
S G Seaborgium
16%
L O Livermorium
15%
L V Livermorium
15%
R G Roentgenium
15%
H S Hassium
14%
P C Protactinium
14%
F V Flérovium
13%
M T Meitnérium
12%
Aucun quiz correspondant
Distribution des résultats
% des personnes avec chaque résultat
Percentile par nombre de réponses
Votre historique - résultats
Vous n’avez pas pris ce quiz